Score 0/15 Timer 04:00
0 Plays Today
% Correct
China
95%
India
93.4%
Japan
91.9%
Indonesia
91.6%
Russia
89.1%
Philippines
87.9%
Malaysia
83.8%
Thailand
82.7%
% Correct
Vietnam
82.1%
Saudi Arabia
75.5%
South Korea
71.9%
Turkey
63.1%
Iran
44%
North Korea
39.8%
Oman
28.4%

You're not logged in!

Compare scores with friends on all Sporcle quizzes.
OR
Log In

Sporcle TV

Today on Sporcle TV


Watch our educational content, quiz creation guides, and fun videos on Sporcle TV.

Show Comments

Extras

Top Quizzes Today


Score Distribution

Paid Content

Your Account Isn't Verified!

In order to create a playlist on Sporcle, you need to verify the email address you used during registration. Go to your Sporcle Settings to finish the process.

Report this User

Report this user for behavior that violates our Community Guidelines.

Details: